Agriculture in the United Kingdom 2004 (Record no. 104310)
[ view plain ]
| 000 -LEADER | |
|---|---|
| fixed length control field | 01170cam a2200253 4500 |
| 001 - CONTROL NUMBER | |
| control field | L129939 |
| 008 - FIXED-LENGTH DATA ELEMENTS--GENERAL INFORMATION | |
| fixed length control field | 050607n2004 000 0 eng u |
| 020 ## - INTERNATIONAL STANDARD BOOK NUMBER | |
| International Standard Book Number | 0112430864 |
| 035 ## - SYSTEM CONTROL NUMBER | |
| System control number | (Sirsi) u129939 |
| 041 ## - LANGUAGE CODE | |
| Language code of text/sound track or separate title | eng |
| 050 ## - LIBRARY OF CONGRESS CALL NUMBER | |
| Classification number | 630.0212 |
| -- | 18 |
| 110 ## - MAIN ENTRY--CORPORATE NAME | |
| Corporate name or jurisdiction name as entry element | DEFRA |
| 245 ## - TITLE STATEMENT | |
| Title | Agriculture in the United Kingdom 2004 |
| 260 ## - PUBLICATION, DISTRIBUTION, ETC. | |
| Place of publication, distribution, etc. | London |
| Name of publisher, distributor, etc. | Stationary Officer |
| Date of publication, distribution, etc. | 2004 |
| 300 ## - PHYSICAL DESCRIPTION | |
| Extent | viii, 143p |
| Dimensions | 30cm. |
| 350 ## - PRICE (NR) (BK AM CF MU VM SE) [OBSOLETE] | |
| Price | 22.00 |
| 520 ## - SUMMARY, ETC. | |
| Summary, etc. | Previously known as the "Digest of agricultural census statistics", this publication brings together the main results of the annual agricultural and horticultural censuses held each June throughout the UK. Since the 1998 edition, the census statistics have been avaliable online. |
| 690 ## - LOCAL SUBJECT ADDED ENTRY--TOPICAL TERM (OCLC, RLIN) | |
| Topical term or geographic name as entry element | ENVIRONMENTAL AND LAND CONSULTANCY-AGRIBUSINESS-AGRICULTURE |
| 710 ## - ADDED ENTRY--CORPORATE NAME | |
| Corporate name or jurisdiction name as entry element | Scottish Executive Environment and Rural Affairs Department |
| 9 (RLIN) | 4114 |
| 710 ## - ADDED ENTRY--CORPORATE NAME | |
| Corporate name or jurisdiction name as entry element | Department of Agriculture and Rural Development (Northern Ireland) |
| 9 (RLIN) | 4062 |
| 710 ## - ADDED ENTRY--CORPORATE NAME | |
| Corporate name or jurisdiction name as entry element | Wales |
| Subordinate unit | Welsh Assembly Government |
| 856 ## - ELECTRONIC LOCATION AND ACCESS | |
| Uniform Resource Identifier | <a href="https://www.defra.gov.uk/corporate/publications/pubcat/ag.htm#agstats">https://www.defra.gov.uk/corporate/publications/pubcat/ag.htm#agstats</a> |
| Public note | View the item free of charge at www.defra gov.uk... |
| 942 ## - ADDED ENTRY ELEMENTS (KOHA) | |
| Suppress in OPAC | 0 |
| Withdrawn status | Lost status | Source of classification or shelving scheme | Damaged status | Not for loan | Home library | Current library | Shelving location | Date acquired | Total Checkouts | Full call number | Barcode | Date last seen | Copy number | Price effective from | Koha item type |
|---|---|---|---|---|---|---|---|---|---|---|---|---|---|---|---|
| Dewey Decimal Classification | Virtual | Virtual | Online | 07/06/2005 | ONLINE PUBLICATION | 129939-2001 | 06/08/2019 | 1 | 06/08/2019 | Book |